Composers throughout History - Statistics

General Stats
  • This quiz has been taken 36 times
  • The average score is 9 of 16
Answer Stats
Picture Answer % Correct
Frédéric Chopin
87%
Antonio Vivaldi
77%
Franz Liszt
73%
Richard Wagner
73%
Franz Schubert
60%
George Frideric Handel
57%
Igor Stravinsky
57%
Clara Schumann
53%
Joseph Haydn
53%
Pyotr Ilyich Tchaikovsky
53%
Johannes Brahms
50%
Giuseppe Verdi
47%
Claudio Monteverdi
40%
Dmitri Shostakovich
40%
Antonín Dvořák
30%
Niccolò Paganini
27%
No matching quizzes found
Score Distribution
Percent of People with Each Score
Percentile by Number Answered
Your Score History
You have not taken this quiz